Subdivision capitals closest to Lausanne (CH) - Statistics

General Stats
  • This quiz has been taken 39 times
  • The average score is 11 of 20
Answer Stats
Distance (km) Answer % Correct
2 52 Genève
97%
5 78 Bern/Berne
94%
1 51 Fribourg/Freiburg
82%
3 57 Neuchâtel
79%
4 65 Sion
79%
12 136 Basel
74%
13 140 Luzern
68%
18 163 Lyon
59%
9 108 Delémont
53%
8 103 Solothurn
47%
17 160 Zug
44%
11 136 Liestal
38%
10 130 Sarnen
32%
19 163 Schwyz
32%
14 141 Stans
32%
20 180 Torino
32%
15 144 Aarau
29%
6 92 Besançon
29%
16 158 Altdorf
26%
7 102 Aosta
26%
No matching quizzes found
Score Distribution
Percent of People with Each Score
Percentile by Number Answered
Your Score History
You have not taken this quiz